USA... or Mexico? - Statistics

General Stats
  • This quiz has been taken 135 times
  • The average score is 13 of 15
Answer Stats
Question Answer % Correct
Has the city of Tijuana Mexico
100%
Has the larger population USA
100%
Has the state of New Mexico USA
100%
Has the larger land area USA
97%
Borders the most countries Mexico
94%
Has the larger speaking Spanish population Mexico
94%
Is closer to South America Mexico
94%
Is more northern USA
94%
Is the richest by GDP per capita USA
94%
Touches the Caribbean Sea Both
78%
Has been part of the first Mexican Empire Both
72%
Has more tourists per year USA
72%
Has more than 30 states Both
67%
Has a peak over 5000+ metres Both
47%
Has the largest city in North America Mexico
44%
No matching quizzes found
Score Distribution
Percent of People with Each Score
Percentile by Number Answered
Your Score History
You have not taken this quiz